|
|
|
|
| LEADER |
00000cam a22000004a 4500 |
| 001 |
musev2_3736 |
| 003 |
MdBmJHUP |
| 005 |
20230905040450.0 |
| 006 |
m o d |
| 007 |
cr||||||||nn|n |
| 008 |
090721s2009 pau o 00 0 eng d |
| 010 |
|
|
|z 2009029725
|
| 020 |
|
|
|a 9780822977681
|
| 020 |
|
|
|z 9780822943815
|
| 020 |
|
|
|z 9780822963011
|
| 035 |
|
|
|a (OCoLC)794702156
|
| 040 |
|
|
|a MdBmJHUP
|c MdBmJHUP
|
| 043 |
|
|
|a n-us-ma
|
| 050 |
0 |
4 |
|a GE155.M4
|b R46 2009
|
| 082 |
0 |
|
|a 333.7709744/61
|2 22
|
| 245 |
0 |
0 |
|a Remaking Boston :
|b An Environmental History of the City and Its Surroundings /
|c edited by Anthony N. Penna and Conrad Edick Wright.
|
| 264 |
|
1 |
|a Pittsburgh, Pa. :
|b University of Pittsburgh Press,
|c 2009.
|
| 264 |
|
3 |
|a Baltimore, Md. :
|b Project MUSE,
|c 2012
|
| 264 |
|
4 |
|c ©2009.
|
| 300 |
|
|
|a 1 online resource (344 pages):
|b ill., maps ;
|
| 336 |
|
|
|a text
|b txt
|2 rdacontent
|
| 337 |
|
|
|a computer
|b c
|2 rdamedia
|
| 338 |
|
|
|a online resource
|b cr
|2 rdacarrier
|
| 504 |
|
|
|a Includes bibliographical references and index.
|
| 505 |
0 |
|
|a Introduction : Boston from peninsula to metropolis / Anthony N. Penna -- The drowning of Boston Harbor and the development of the shoreline / Peter S. Rosen and Duncan M. FitzGerald -- What lies beneath : science, nature, and the making of Boston Harbor / Michael Rawson -- Remaking Boston Harbor : cleaning up after ourselves / Steven M. Rudnick -- In search of the Shawmut Peninsula : using modern cartographic analysis to discover the "original" Boston shoreline / Stephen T. Mague -- Remaking Boston, remaking Massachusetts / Brian Donahue -- A city (only partly) on a hill : terrain and land use in pre-twentieth-century Boston / William B. Meyer -- Reforestation in Norfolk County, Massachusetts, 1850-1910 / David Soll -- How metropolitan parks shaped greater Boston, 1893-1945 / James C. O'Connell -- Reclaiming the middle Charles River reservation / Daniel Driscoll and Karl Haglund -- Boston's weather and climate histories / William B. Meyer -- "Rain down righteousness" : interpretations of natural events in mid-eighteenth-century Boston / Lauri Bauer Coleman -- Biological responses to climate change in Boston / Abraham J. Miller-Rushing and Richard B. Primack.
|
| 588 |
|
|
|a Description based on print version record.
|
| 651 |
|
0 |
|a Boston Region (Mass.)
|x Environmental conditions
|x History.
|
| 650 |
|
0 |
|a Nature
|x Effect of human beings on
|z Massachusetts
|z Boston Region
|x History.
|
| 650 |
|
0 |
|a Environmental degradation
|z Massachusetts
|z Boston Region
|x History.
|
| 650 |
|
0 |
|a Environmental policy
|z Massachusetts
|z Boston Region
|x History.
|
| 655 |
|
7 |
|a Electronic books.
|2 local
|
| 700 |
1 |
|
|a Wright, Conrad Edick.
|
| 700 |
1 |
|
|a Penna, Anthony N.
|
| 710 |
2 |
|
|a Project Muse.
|e distributor
|
| 830 |
|
0 |
|a Book collections on Project MUSE.
|
| 856 |
4 |
0 |
|z Texto completo
|u https://projectmuse.uam.elogim.com/book/3736/
|
| 945 |
|
|
|a Project MUSE - Custom Collection
|
| 945 |
|
|
|a Project MUSE - Archive Complete Foundation
|
| 945 |
|
|
|a Project MUSE - Archive US Regional Studies, New England and Mid Atlantic Foundation
|